[Event "Kochan Memorial op 25th"]
[White "Smolenski, Filip"]
[Black "Mielczarski, Miroslaw"]
[Site "Koszalin"]
[Round "8"]
[Result "0-1"]
[Date "2014.08.17"]
[WhiteElo "1554"]
[BlackElo "2202"]
[PlyCount "34"]
[EventDate "2014.08.10"]
[EventType "swiss"]
[EventRounds "9"]
[EventCountry "POL"]
[SourceTitle "CBM 161 Extra"]
[Source "ChessBase"]
[SourceDate "2014.08.29"]
[SourceVersion "1"]
[SourceVersionDate "2014.08.29"]
[SourceQuality "1"]

1. e4 c6 2. d4 d5 3. f3 e6 4. Nc3 Bb4 5. Bf4 Nf6 6. Qd3 a5 7. Nge2 a4 8. a3 Ba5 9. 0-0-0 b5 10. g4 b4 11. axb4 Bxb4 12. g5 Nh5 13. Be3 Nd7 14. Ng3 Ba6 15. Qd2 Nxg3 16. hxg3 a3 17. b3 Qa5 0-1

[Event "Kochan Memorial op 25th"]
[White "Smolenski, Filip"]
[Black "Trzeciakiewicz, Michal"]
[Site "Koszalin"]
[Round "4"]
[Result "0-1"]
[Date "2014.08.14"]
[WhiteElo "1554"]
[BlackElo "1592"]
[PlyCount "74"]
[EventDate "2014.08.10"]
[EventType "swiss"]
[EventRounds "9"]
[EventCountry "POL"]
[SourceTitle "CBM 161 Extra"]
[Source "ChessBase"]
[SourceDate "2014.08.29"]
[SourceVersion "1"]
[SourceVersionDate "2014.08.29"]
[SourceQuality "1"]

1. e4 e5 2. Nf3 Nc6 3. d4 exd4 4. Bc4 Nf6 5. 0-0 Be7 6. e5 Ne4 7. c3 d5 8. Bb3 0-0 9. cxd4 Bg4 10. Kh1 Bg5 11. Be3 Ne7 12. Qd3 Bxe3 13. fxe3 Nf5 14. Nbd2 Ng5 15. e4 dxe4 16. Nxe4 Ne6 17. Bxe6 fxe6 18. Nfg5 Qd5 19. Rf4 Bh5 20. g4 h6 21. Nh3 g5 22. gxh5 gxf4 23. Nxf4 Qc6 24. Kg1 Rad8 25. Nf6+ Rxf6 26. exf6 Rxd4 27. Qf1 Rd2 28. Qh3 Qd6 29. Qg4+ Kh8 30. Re1 Qd4+ 31. Kh1 Qxf6 32. Rxe6 Qf7 33. Ng6+ Kh7 34. Nf8+ Qxf8 35. Qg6+ Kh8 36. Re8 Rd1+ 37. Kg2 Nh4+ 0-1

[Event "Kochan Memorial op 24th"]
[White "Januszkiewicz, Wojciech"]
[Black "Smolenski, Filip"]
[Site "Koszalin"]
[Round "4"]
[Result "1-0"]
[Date "2013.08.12"]
[WhiteElo "1841"]
[BlackElo "1555"]
[PlyCount "33"]
[EventDate "2013.08.10"]
[EventType "swiss"]
[EventRounds "9"]
[EventCountry "POL"]
[SourceTitle "CBM 155 Extra"]
[Source "ChessBase"]
[SourceDate "2013.08.26"]
[SourceVersion "1"]
[SourceVersionDate "2013.08.26"]
[SourceQuality "1"]

1. e4 e5 2. Nf3 Nc6 3. Bb5 a6 4. Ba4 f5 5. d3 fxe4 6. dxe4 Nf6 7. 0-0 Bc5 8. Bg5 d6 9. Nc3 0-0 10. Nd5 Kh8 11. Bxf6 gxf6 12. Nh4 b5 13. Bb3 Nd4 14. Qh5 Nxb3 15. axb3 Kg7 16. b4 Ba7 17. Ra3 1-0

[Event "Kochan Memorial op 24th"]
[White "Smolenski, Filip"]
[Black "Sieciechowicz, Marcin"]
[Site "Koszalin"]
[Round "1"]
[Result "0-1"]
[Date "2013.08.10"]
[WhiteElo "1555"]
[BlackElo "2458"]
[PlyCount "100"]
[EventDate "2013.08.10"]
[EventType "swiss"]
[EventRounds "9"]
[EventCountry "POL"]
[SourceTitle "CBM 155 Extra"]
[Source "ChessBase"]
[SourceDate "2013.08.26"]
[SourceVersion "1"]
[SourceVersionDate "2013.08.26"]
[SourceQuality "1"]

1. e4 c5 2. c3 d5 3. exd5 Qxd5 4. d4 Nc6 5. Nf3 Nf6 6. Be2 cxd4 7. cxd4 e6 8. Nc3 Qd6 9. 0-0 Be7 10. h3 0-0 11. Be3 b6 12. Qb3 Bb7 13. Rad1 Rac8 14. Rfe1 Na5 15. Qc2 Nc4 16. Bxc4 Rxc4 17. Ne5 Rcc8 18. Bf4 Nd5 19. Qd2 Qb4 20. Nxd5 Bxd5 21. a3 Qxd2 22. Rxd2 Rfd8 23. Ng4 Kf8 24. Ne3 Bb7 25. Red1 Bd5 26. Nxd5 Rxd5 27. f3 Rc4 28. Kf2 Rb5 29. Ke2 Rb3 30. g3 b5 31. Kf2 a5 32. Re2 f6 33. d5 e5 34. Be3 Bd6 35. h4 h5 36. Kg2 Ke8 37. Kf2 Kd7 38. Kg2 a4 39. Kf2 Bc5 40. Bxc5 Rxc5 41. Red2 Kd6 42. Ke2 Rc4 43. Kf2 Rd4 44. Rxd4 exd4 45. Rxd4 Rxb2+ 46. Ke3 Rb3+ 47. Rd3 Rxd3+ 48. Kxd3 Kxd5 49. g4 hxg4 50. fxg4 Ke5 0-1

[Event "POL-chT U19 2nd League"]
[White "Smolenski, Filip"]
[Black "Kozakiewicz, Gracjan"]
[Site "Borowice"]
[Round "2"]
[Result "0-1"]
[Date "2012.07.22"]
[WhiteElo "1592"]
[BlackElo "1519"]
[PlyCount "66"]
[EventDate "2012.07.21"]
[EventType "team-swiss"]
[EventRounds "11"]
[EventCountry "POL"]
[SourceTitle "EXT 2014"]
[Source "ChessBase"]
[SourceDate "2013.11.20"]
[SourceVersion "1"]
[SourceVersionDate "2013.11.20"]
[SourceQuality "1"]
[WhiteTeam "Szczecin Gryf U19"]
[BlackTeam "Bydgoszcz Hetman U19"]
[WhiteTeamCountry "POL"]
[BlackTeamCountry "POL"]

1. e4 c5 2. c3 d6 3. d4 cxd4 4. cxd4 Nf6 5. Nc3 Bd7 6. f4 e6 7. Nf3 Be7 8. Bd3 0-0 9. Qc2 Nc6 10. a3 h6 11. Qf2 Qb6 12. h3 Na5 13. Be3 Qc7 14. 0-0 Rac8 15. Nd2 a6 16. d5 Bd8 17. dxe6 Bxe6 18. Na4 Qd7 19. Nb6 Bxb6 20. Bxb6 Nb3 21. Nxb3 Bxb3 22. Rac1 Rxc1 23. Rxc1 Rc8 24. Rxc8+ Qxc8 25. Qd4 Qc1+ 26. Kh2 Qxf4+ 27. Kh1 Nh5 28. Qc3 Ng3+ 29. Kg1 Be6 30. Qd4 Nh5 31. Ba5 Qg3 32. Be2 Nf4 33. Bf3 Nxh3+ 0-1

[Event "Koszalin op"]
[White "Smolenski, Filip"]
[Black "Karwowski, Kacper"]
[Site "Koszalin"]
[Round "2"]
[Result "0-1"]
[Date "2012.??.??"]
[WhiteElo "1600"]
[BlackElo "1824"]
[PlyCount "46"]
[EventDate "2012.01.06"]
[EventType "swiss"]
[EventRounds "9"]
[EventCountry "POL"]
[SourceTitle "CBM 146 Extra"]
[Source "ChessBase"]
[SourceDate "2012.02.29"]
[SourceVersion "1"]
[SourceVersionDate "2012.02.29"]
[SourceQuality "1"]

1. e4 c5 2. d4 cxd4 3. c3 dxc3 4. Nxc3 e6 5. Bc4 Nc6 6. Nf3 d6 7. 0-0 Be7 8. Qc2 a6 9. Be3 Bd7 10. Rfd1 Rc8 11. a3 b5 12. Ba2 Nf6 13. e5 Nxe5 14. Nxe5 dxe5 15. Qd3 0-0 16. Ne4 Bc6 17. Ng5 Qxd3 18. Rxd3 Bd5 19. Bxd5 exd5 20. f4 h6 21. fxe5 Ng4 22. Nf3 Nxe3 23. Rxe3 Bc5 0-1